3D vizualizácia kinematiky robotického ramena riadeného PLC systémami

Salvato in:
Dettagli Bibliografici
Autore principale: Ambra, Maroš, 1987- (Autore)
Altri autori: Hajdu, Štefan, 1983- (Relatore della tesi)
Natura: Manoscritto Libro
Lingua:slovacco
Pubblicazione: Trnava : STU v Bratislave MTF UIAM, 2013
Accesso online:VAIS
Tags: Aggiungi Tag
Nessun Tag, puoi essere il primo ad aggiungerne!!

MARC

LEADER 00000ntm a22000003a 4500
001 stu269054
005 20150617230246.0
008 130621s2013----xo------------------slo-d
040 |a STU  |b slo 
041 0 |a slo 
044 |a xo 
100 1 |a Ambra, Maroš,  |d 1987-  |4 aut  |u M  |T MTF Materiálovotechnologická fakulta  |X 7180  |U M  |Y 60  |7 A000007180 
242 0 0 |a 3D visualization of the kinematics robotic arm controlled by PLC systems  |y eng 
245 1 |a 3D vizualizácia kinematiky robotického ramena riadeného PLC systémami 
260 |a Trnava :  |b STU v Bratislave MTF UIAM,  |c 2013 
700 1 |a Hajdu, Štefan,  |d 1983-  |4 ths  |u M2000  |U MTF Materiálovotechnologická fakulta  |T MTF Ústav výrobných systémov a aplikovanej mechaniky  |X 70628  |U M2000  |Y 82  |7 A000070628 
856 4 |a info a plný text  |u http://is.stuba.sk/zp/portal_zp.pl?podrobnosti=100653  |3 VAIS 
996 |c M*DP-11528  |l MMSKP  |s P  |a 0  |w stu269054_0001